| 000 | 00652cam a22001814a 4500 | ||
|---|---|---|---|
| 005 | 20250605164348.0 | ||
| 008 | 250528s ||||||||||||||||||||||||d | ||
| 035 | _a24048 | ||
| 040 |
_aGR-AtMCL _bgre _dGR-AtMCL _eAACR2 |
||
| 245 | 1 | _aPerformance Mode / Dyemansion's Next-Generation Post Processing Systems for the Factory of the Future | |
| 260 |
_bBpa Worldwide, _c2021 |
||
| 300 | _a34 | ||
| 520 | _aPerformance Mode, Standard of Care, A Shot in the Arm, Auto Focus, Charging Up, Chips Challenge, Building an Am Business Case, We're Missing Diversity. | ||
| 700 | 1 |
_aGriffiths Laura _99377 |
|
| 942 | _cCR | ||
| 999 |
_c8949 _d8949 |
||